000 00636nam a2200301Ia 4500
005 20260401122044.0
008 008 250103s9999 xx 000 0 eng d
020 _a33392378
037 _aTB
040 _aEDL
040 _beng
040 _cEDL
041 _2eng
041 _aeng
084 _a891.433 SET
084 _qEDL
100 _aSeth, Rajee
_91232450
245 0 _aUnarmed: Nishkavach
245 0 _cSeth, Rajee
260 _aChennai
260 _bMacmillan
260 _c1998
300 _a125p
942 _cTB
942 _h891.433 SET
999 _c1844617
_d1844617